书目信息 |
| 题名: |
语文
|
|
| 作者: | 温儒敏 总主编 ;陈先云 , 何源 主编 | |
| 分册: | 五年级下册 五年级 | |
| 出版信息: | 北京 人民教育出版社 2019 |
|
| 页数: | 124页 | |
| 开本: | 26cm | |
| 丛书名: | ||
| 单 册: | ||
| 中图分类: | G634.301 , G624.201 , G624.2 | |
| 科图分类: | ||
| 主题词: | 中学语文课--Zhong Xue Yu Wen Ke--中小学--教材 , 小学语文课--Xiao Xue Yu Wen Ke--教材 | |
| 电子资源: | ||
| ISBN: | 978-7-107-34160-1 | |
| 000 | 00953nam0 2200301 450 | |
| 001 | 010927836 | |
| 005 | 20251211152019.01 | |
| 010 | @a978-7-107-34160-1@dCNY7.80 | |
| 100 | @a20241025d2019 cemy0chiy50 ea | |
| 101 | 0 | @achi |
| 102 | @aCN@b110000 | |
| 105 | @aa z 000yy | |
| 200 | 1 | @a语文@AYu Wen@i五年级@h五年级下册@f温儒敏总主编 |
| 210 | @a北京@c人民教育出版社@d2019@h2024重印 | |
| 215 | @a124页@c图@d26cm | |
| 300 | @a义务教育教科书 | |
| 304 | @a教育部组织编写 | |
| 314 | @a版权页题:陈先云[等]主编;何源[等]编写 | |
| 606 | 0 | @a中学语文课@AZhong Xue Yu Wen Ke@x中小学@j教材 |
| 606 | 0 | @a小学语文课@AXiao Xue Yu Wen Ke@j教材 |
| 690 | @aG634.301@v5 | |
| 690 | @aG624.201@v5 | |
| 690 | @aG624.2@v4 | |
| 701 | 0 | @a温儒敏@AWen Ru Min@f(1946.2~)@4总主编 |
| 702 | 0 | @a陈先云@AChen Xian Yun@c(小学语文)@4主编 |
| 702 | 0 | @a何源@AHe Yuan@4编写 |
| 801 | 0 | @aCN@bAHXH@c20241025 |
| 905 | @b214146459@b214146440@dG624.2@e2945:5(2)@f2 | |
| 语文.五年级.五年级下册/温儒敏总主编.-北京:人民教育出版社,2019(2024重印) |
| 124页:图;26cm |
| 义务教育教科书 |
| ISBN 978-7-107-34160-1:CNY7.80 |
| ● |
| 相关链接 |
|
|
|
|
正题名:语文
索取号:G624.2/2945:5(2)
 
预约/预借
| 序号 | 登录号 | 条形码 | 馆藏地/架位号 | 状态 | 备注 |
| 1 | 1414644 | 214146440 | 第四借阅区/ [索取号:G624.2/2945:5(2)] | 在馆 | |
| 2 | 1414645 | 214146459 | 第四借阅区/ [索取号:G624.2/2945:5(2)] | 在馆 | |
| 3 | 1441720 | 214417200 | 第四借阅区/ [索取号:G624.2/2945:5(2)] |
已借出,限还日期为2026.06.04 借出人:王瑜 |
|
| 4 | 1441721 | 214417219 | 第四借阅区/ [索取号:G624.2/2945:5(2)] | 在馆 | |
| 5 | 1441722 | 214417228 | 第四借阅区/ [索取号:G624.2/2945:5(2)] | 在馆 |